TV Shows Missing 'C' Words Quiz Stats

 Plays Quiz Updated Sep 5, 2018

Score 0/18 Timer 03:00
5 Plays Today
Hint Answer % Correct
Cards
97.2%
Crocodile
95%
Care
94.2%
Criminal
92.2%
Curb
91.7%
Company
90.2%
Called
85.5%
Circus
82.6%
Cow
81.2%
Hint Answer % Correct
Cash
80.5%
Cougar
78.4%
Chicken
75.9%
Cleveland
68.4%
Court
67.4%
Crowd
64.6%
Comedians
55.8%
Courage
54.3%
Conchords
49.6%

You're not logged in!

Compare scores with friends on all Sporcle quizzes.
OR
Log In

Sporcle TV

Today on Sporcle TV


Watch our educational content, quiz creation guides, and fun videos on Sporcle TV.

Show Comments

Extras

Top Quizzes Today


Score Distribution

Your Account Isn't Verified!

In order to create a playlist on Sporcle, you need to verify the email address you used during registration. Go to your Sporcle Settings to finish the process.

Report this User

Report this user for behavior that violates our Community Guidelines.

Details: